000 00477nmm a2200157Ia 4500
008 251105s9999||||xx |||||||||||||||||und||
020 _a9788431552091
041 _aspa
100 _aWinshsley, Jack
245 0 _aInglés exprés: Cómo evitar los errores más frecuentes
264 _a[Madrid, España] :
_bDe Vecchi,
_c2000
300 _a96 páginas
650 _aEnglish literature and language
856 _uhttps://public.digitaliapublishing.com/a/31236
942 _cCF
999 _c81642
_d81642